| 000 | 01497nmc a2200529 a 4500 | ||
|---|---|---|---|
| 003 | AR-BaBNM | ||
| 005 | 20251128203702.0 | ||
| 008 | 067019s1971 ||||||||||||||000 | spa|| | ||
| 040 | _cAR-BaBNM | ||
| 245 | 1 | 0 | _aExamen de los exámenes |
| 250 | _a1ª ed. | ||
| 260 |
_aBuenos Aires _bEstrada _c1971 |
||
| 300 | 1 | _axix, 297 p. | |
| 490 | 0 | _aBiblioteca de ciencias de la educación | |
| 504 | _aContiene bibliografía al final de cada capítulo | ||
| 650 | 4 | _aEXAMENES | |
| 650 | 4 | _aEVALUACION | |
| 650 | 4 | _aTECNICAS DE EVALUACION | |
| 650 | 4 | _aPRUEBAS DE RENDIMIENTO | |
| 650 | 4 | _aPRUEBAS OBJETIVAS | |
| 650 | 4 | _aPRUEBAS ESCOLARES | |
| 650 | 4 | _aEVALUACION CONTINUA | |
| 650 | 4 | _aPRUEBAS DE DIAGNOSTICO | |
| 650 | 4 | _aORIENTACION PROFESIONAL | |
| 650 | 4 | _aOBJETIVOS COGNOSCITIVOS | |
| 651 | 4 | _aReino Unido | |
| 651 | 4 | _aFrancia | |
| 651 | 4 | _aEstados Unidos | |
| 653 | 0 | _aCALIFICACIONES ESCOLARES | |
| 700 | 1 |
_aLauwerys, Joseph A. _ecompilador |
|
| 700 | 1 |
_aScanlon, David G. _ecompilador |
|
| 700 | 1 | _aHolmes, Brian | |
| 700 | 1 | _aJudges, A.V. | |
| 700 | 1 | _aBrereton, J.L. | |
| 700 | 1 | _aVernon, Philip E. | |
| 700 | 1 | _aSardi, Zeev | |
| 700 | 1 | _aBacher, Françoise | |
| 700 | 1 | _aPenfold, Daisy M. | |
| 700 | 1 | _aStrezikozin, V. | |
| 700 | 1 | _aLangeveld, Martin J. | |
| 700 | 1 | _aHotyat, Fernando | |
| 700 | 1 | _aAtiyeh, Naim N. | |
| 700 | 1 |
_aIglesia, Cristina _etraductor |
|
| 800 | 1 |
_aZanotti, Luis Jorge _edirector |
|
| 942 | _cBK | ||
| 998 | _cSILVI | ||
| 999 |
_c4486 _d4486 |
||